000 00672nam a2200205Ia 4500
005 20260601193256.0
008 260601s9999||||xx |||||||||||||| ||und||
020 _a978-3-031-70378-2
_qebk
100 _aAlbert Bifet
245 0 _aMachine Learning and Knowledge Discovery in Databases. Applied Data Science Track
250 _a2024
260 _aHeidelberg, Germany
_bSpringer Nature
_c2024
440 _aLecture Notes in Computer Science
650 _aComputer Science
700 _aIoanna Miliou
700 _aSlawomir Nowaczyk
700 _aTomas Krilavi?ius
856 _uhttps://link.springer.com/openurl?genre=book&isbn=978-3-031-70378-2
942 _cEB
_2ddc
999 _c56870
_d56870